Vista normal
Vista MARC
Entrada Personal Name
Número de registros utilizados en: 2
001 - CONTROL NUMBER
- control field: 1136
003 - CONTROL NUMBER IDENTIFIER
- control field: OSt
005 - DATE AND TIME OF LATEST TRANSACTION
- control field: 20110823131103.0
008 - FIXED-LENGTH DATA ELEMENTS
- fixed length control field: 110823|||a|||||| | ||| d
040 ## - CATALOGING SOURCE
- Original cataloging agency: OSt
- Transcribing agency: OSt
100 ## - HEADING--PERSONAL NAME
- Personal name: Jones, Loretta.
670 ## - SOURCE DATA FOUND
- Source citation: Work cat.: (OSt)436: Atkins, Peter. 1135, Principios de Química. Los caminos del descubrimiento / , 2006.